000 00529nmm a2200169Ia 4500
008 251105s9999||||xx |||||||||||||||||und||
020 _a9788498797442
041 _aspa
100 _aSchmid, Konrad
245 0 _aHistoria literaria del Antiguo Testamento. Una introducción
264 _a[Madrid, España] :
_bTrotta Editorial,
_c2019
300 _a349 páginas
490 _aBiblioteca de Ciencias Bíblicas y Orientales
650 _aReligion(s)
856 _uhttps://public.digitaliapublishing.com/a/67384
942 _cCF
999 _c92023
_d92023